Questions de Geometrie : pour le deuxieme cycle
Αποθηκεύτηκε σε:
| Κύριος συγγραφέας: | |
|---|---|
| Μορφή: | Βιβλίο |
| Γλώσσα: | French |
| Δημοσίευση: |
Tours : Paris :
Maison A. Mameet Fils ;, J. de Gigord,
1918
|
| Θέματα: | |
| Ετικέτες: |
Προσθήκη ετικέτας
Δεν υπάρχουν, Καταχωρήστε ετικέτα πρώτοι!
|
MARC
| LEADER | 00000cam a2200000 i 4500 | ||
|---|---|---|---|
| 001 | 1/9213 | ||
| 008 | 100712s1918 fre d | ||
| 035 | |l 10108547 | ||
| 040 | |a GR-MY-UA |b gre |e aacr | ||
| 041 | 0 | |a fre | |
| 082 | 0 | |a 516 |2 (22) | |
| 100 | 1 | |a Gabriel-Marie, Frere, |d 1835-1916. | |
| 245 | 1 | 0 | |a Questions de Geometrie : |b pour le deuxieme cycle / |c F. G.-M. |
| 260 | |a Tours : |a Paris : |b Maison A. Mameet Fils ;, |b J. de Gigord, |c 1918 | ||
| 300 | |a xv, 786 σ.; |b σχέδια; |c 22 εκ. | ||
| 650 | 0 | 0 | |a Geometry. |
| 852 | |a INST |b SAMOS |c MAG |e 20100712 |h 516 GAB |p 005300031537 |q 005300031537 |t BK |y 0 | ||
| 901 | |a BIBL3-2010-2 | ||
| 909 | |a Σ |b 162661 | ||
| 970 | |a ΡΟΥΣΣΟΥ |b ΚΩΝΣΤΑΝΤΙΝΑ |z 2010/07/06 | ||